Carta bulada de Alejandro VI / (Record no. 176662)
[ view plain ]
| 000 -LEADER | |
|---|---|
| campo de control de longitud fija | 01110nam a22002415i 4500 |
| 001 - NÚMERO DE CONTROL | |
| campo de control | 176662 |
| 003 - IDENTIFICADOR DE NÚMERO DE CONTROL | |
| campo de control | ES-MaACL |
| 005 - FECHA Y HORA DE LA ÚLTIMA TRANSACCIÓN | |
| campo de control | 20260228142717.0 |
| 008 - DATOS DE LONGITUD FIJA--INFORMACIÓN GENERAL | |
| campo de control de longitud fija | 110131s1999 sp a |||| | spa d |
| 020 ## - NÚMERO INTERNACIONAL ESTÁNDAR DEL LIBRO | |
| Número Internacional Estándar del Libro | 84-8138-330-9 |
| 080 ## - NÚMERO DE LA CLASIFICACIÓN DECIMAL UNIVERSAL | |
| Número de la Clasificación Decimal Universal | 378(460.27 Alcalá de Henares)(091) |
| 245 00 - MENCIÓN DEL TÍTULO | |
| Título | Carta bulada de Alejandro VI / |
| Mención de responsabilidad, etc. | [estudio y transcripción: Santiago Aguadé Nieto]. |
| 260 ## - PUBLICACIÓN, DISTRIBUCIÓN, ETC. | |
| Lugar de publicación, distribución, etc. | [Alcalá de Henares?] : |
| Nombre del editor, distribuidor, etc. | Centro Internacional de Estudios Históricos, |
| Fecha de publicación, distribución, etc. | D. L. 1999. |
| 300 ## - DESCRIPCIÓN FÍSICA | |
| Extensión | 1 carpeta ([1] h. pleg.) ; |
| Dimensiones | 31 cm. |
| 500 ## - NOTA GENERAL | |
| Nota general | Tít. tomado de la carpeta. |
| 500 ## - NOTA GENERAL | |
| Nota general | La carperta lleva impresa la transcripción al castellano de la carta en latín y un pequeño comentario. |
| 595 ## - | |
| -- | Facsímil de la carta, fechada el 13 de abril de 1499, en la que el Papa Alejandro VI autoriza al Cardenal Cisneros la creación de un Colegio Universitario en Alcalá de Henares. |
| 610 24 - PUNTO DE ACCESO ADICIONAL DE MATERIA--NOMBRE DE ENTIDAD CORPORATIVA | |
| Nombre de entidad corporativa o nombre de jurisdicción como elemento de entrada | Universidad de Alcalá de Henares- |
| Subdivisión de forma | Historia. |
| 9 (RLIN) | 143818 |
| 700 0# - ENTRADA AGREGADA--NOMBRE PERSONAL | |
| Nombre de persona | Aguadé Nieto, Santiago. |
| 9 (RLIN) | 144940 |
| 700 ## - ENTRADA AGREGADA--NOMBRE PERSONAL | |
| Nombre de persona | Alejandro |
| Numeración | VI, |
| Títulos y otros términos asociados al nombre | Papa |
| 9 (RLIN) | 223330 |
| 852 ## - LOCALIZACIÓN | |
| Ubicación | ES-MaACL |
| Número de control de estantería | 2287-F-16 |
| Estatus retirado | Estado de pérdida | Estado de daño | No para préstamo | Colección | Biblioteca de origen | Biblioteca actual | Ubicación en estantería | Fecha de adquisición | Fuente de adquisición | Total de préstamos | Signatura topográfica completa | Código de barras | Visto por última vez | Precio de reemplazo | Tipo de ítem Koha |
|---|---|---|---|---|---|---|---|---|---|---|---|---|---|---|---|
| Colección de folletos | Biblioteca del Ateneo de Madrid | Biblioteca del Ateneo de Madrid | Depósito folletos | 31/01/2011 | 2287-F-16 | 1185528 | 23/02/2023 | 23/02/2023 | Folleto |
